000 00819nam a22002657a 4500
999 _c15541
_d15541
003 MIRAKIL
005 20240301133837.0
008 240301b tu ||||| |||| 00| 0 tur d
020 _a9786257725217
040 _aTR-AnCHP
_cTR-AnCHP
041 _atur
082 _a158.2
_bM25a 2022
090 _a158.2 M25a 2022
100 _aManaf, Akif
245 1 0 _aAnlayış nedir ve nasıl anlayışlı olunur? /
_cAkif Manaf
250 _a2. bs.
260 _aİstanbul :
_bAz Kitap,
_c2022.
300 _a192 sayfa ;
_c21 cm.
490 0 _aAz Kitap ;
_v448.
490 0 _aBireysel gelişim ;
_v78.
490 0 _aSpiritüel söyleşiler ve felsefe serisi ;
_v72.
650 0 _96253
_aKişisel gelişim
856 _zDijital Nüshası için Partimizin Kütüphane Sorumlusu ile iletişime geçiniz.
942 _2ddc
_cBKS